<?xml version="1.0" encoding="UTF-8"?>
<record
    xmlns:xsi="http://www.w3.org/2001/XMLSchema-instance"
    xsi:schemaLocation="http://www.loc.gov/MARC21/slim http://www.loc.gov/standards/marcxml/schema/MARC21slim.xsd"
    xmlns="http://www.loc.gov/MARC21/slim">

  <leader>01287nam a2200301 i 4500</leader>
  <controlfield tag="003">EG-ScBUE</controlfield>
  <controlfield tag="005">20240102104224.0</controlfield>
  <controlfield tag="008">100408s2010    ua    af     000 0 bara d</controlfield>
  <datafield tag="017" ind1=" " ind2=" ">
    <subfield code="a">2010 / 2538</subfield>
  </datafield>
  <datafield tag="020" ind1=" " ind2=" ">
    <subfield code="a">9771806955</subfield>
  </datafield>
  <datafield tag="020" ind1=" " ind2=" ">
    <subfield code="a">9771806963</subfield>
  </datafield>
  <datafield tag="040" ind1=" " ind2=" ">
    <subfield code="a">EG-ScBUE</subfield>
    <subfield code="b">ara</subfield>
    <subfield code="e">rda</subfield>
    <subfield code="c">EG-ScBUE</subfield>
    <subfield code="d">EG-ScBUE</subfield>
  </datafield>
  <datafield tag="043" ind1=" " ind2=" ">
    <subfield code="a">f-ua---</subfield>
  </datafield>
  <datafield tag="082" ind1="0" ind2="4">
    <subfield code="2">22</subfield>
    <subfield code="a">962.03</subfield>
    <subfield code="b">&#x623; &#x648; &#x627;</subfield>
  </datafield>
  <datafield tag="245" ind1="1" ind2="2">
    <subfield code="a">&#x627;&#x644;&#x623;&#x648;&#x627;&#x645;&#x631; &#x648;&#x627;&#x644;&#x645;&#x643;&#x627;&#x62A;&#x628;&#x627;&#x62A; &#x627;&#x644;&#x635;&#x627;&#x62F;&#x631;&#x629; &#x645;&#x646; &#x639;&#x632;&#x64A;&#x632; &#x645;&#x635;&#x631; &#x645;&#x62D;&#x645;&#x62F; &#x639;&#x644;&#x64A; /</subfield>
    <subfield code="c">&#x62A;&#x62D;&#x642;&#x64A;&#x642; &#x62F;. &#x623;&#x645;&#x646;&#x64A;&#x629; &#x639;&#x627;&#x645;&#x631; [&#x648;&#x62E;&#x645;&#x633;&#x629; &#x622;&#x62E;&#x631;&#x648;&#x646;] &#x61B; &#x625;&#x634;&#x631;&#x627;&#x641; &#x623;. &#x62F;. &#x631;&#x621;&#x648;&#x641; &#x639;&#x628;&#x627;&#x633; &#x62D;&#x627;&#x645;&#x62F;.</subfield>
  </datafield>
  <datafield tag="264" ind1=" " ind2="1">
    <subfield code="a">&#x627;&#x644;&#x642;&#x627;&#x647;&#x631;&#x629; :</subfield>
    <subfield code="b">&#x645;&#x637;&#x628;&#x639;&#x629; &#x62F;&#x627;&#x631; &#x627;&#x644;&#x643;&#x62A;&#x628; &#x648;&#x627;&#x644;&#x648;&#x62B;&#x627;&#x626;&#x642; &#x627;&#x644;&#x642;&#x648;&#x645;&#x64A;&#x629;&#x60C;</subfield>
    <subfield code="c">2010.</subfield>
  </datafield>
  <datafield tag="300" ind1=" " ind2=" ">
    <subfield code="a">2 &#x645;&#x62C;&#x644;&#x62F; &#x61B;</subfield>
    <subfield code="c">28 &#x633;&#x645;</subfield>
  </datafield>
  <datafield tag="336" ind1=" " ind2=" ">
    <subfield code="2">rdacontent</subfield>
    <subfield code="a">&#x646;&#x635;</subfield>
    <subfield code="b">txt</subfield>
  </datafield>
  <datafield tag="337" ind1=" " ind2=" ">
    <subfield code="a">&#x628;&#x62F;&#x648;&#x646; &#x648;&#x633;&#x64A;&#x637;</subfield>
    <subfield code="2">rdamedia</subfield>
    <subfield code="b">n</subfield>
  </datafield>
  <datafield tag="338" ind1=" " ind2=" ">
    <subfield code="a">&#x645;&#x62C;&#x644;&#x62F;</subfield>
    <subfield code="b">nc</subfield>
    <subfield code="2">rdacarrier</subfield>
  </datafield>
  <datafield tag="600" ind1="0" ind2="7">
    <subfield code="a">&#x202A;&#x645;&#x62D;&#x645;&#x62F; &#x639;&#x644;&#x64A; &#x628;&#x627;&#x634;&#x627;&#x60C;</subfield>
    <subfield code="c">&#x202A;&#x62D;&#x627;&#x643;&#x645; &#x645;&#x635;&#x631;&#x60C;</subfield>
    <subfield code="d">1769-1849.</subfield>
    <subfield code="2">BUEsh</subfield>
  </datafield>
  <datafield tag="650" ind1=" " ind2="7">
    <subfield code="2">BUEsh</subfield>
    <subfield code="a">&#x202A;&#x627;&#x644;&#x648;&#x62B;&#x627;&#x626;&#x642;</subfield>
    <subfield code="x">&#x202A;&#x62A;&#x646;&#x638;&#x64A;&#x645; &#x648;&#x625;&#x62F;&#x627;&#x631;&#x629;.</subfield>
  </datafield>
  <datafield tag="651" ind1=" " ind2="7">
    <subfield code="a">&#x202A;&#x645;&#x635;&#x631;</subfield>
    <subfield code="x">&#x202A;&#x62A;&#x627;&#x631;&#x64A;&#x62E;</subfield>
    <subfield code="y">&#x627;&#x644;&#x639;&#x635;&#x631; &#x627;&#x644;&#x62D;&#x62F;&#x64A;&#x62B;</subfield>
    <subfield code="y">&#x202A;&#x639;&#x635;&#x631; &#x645;&#x62D;&#x645;&#x62F; &#x639;&#x644;&#x64A; (1805-1849).</subfield>
    <subfield code="2">BUEsh</subfield>
  </datafield>
  <datafield tag="655" ind1=" " ind2=" ">
    <subfield code="v">Reading book</subfield>
  </datafield>
  <datafield tag="700" ind1="1" ind2=" ">
    <subfield code="9">13381</subfield>
    <subfield code="a">&#x62D;&#x627;&#x645;&#x62F;&#x60C; &#x631;&#x621;&#x648;&#x641; &#x639;&#x628;&#x627;&#x633;&#x60C;</subfield>
    <subfield code="e">&#x645;&#x634;&#x631;&#x641;.</subfield>
  </datafield>
  <datafield tag="700" ind1="1" ind2=" ">
    <subfield code="9">13380</subfield>
    <subfield code="a">&#x639;&#x627;&#x645;&#x631;&#x60C; &#x623;&#x645;&#x646;&#x64A;&#x629;&#x60C;</subfield>
    <subfield code="e">&#x645;&#x62D;&#x642;&#x642;.</subfield>
  </datafield>
  <datafield tag="942" ind1=" " ind2=" ">
    <subfield code="2">ddc</subfield>
    <subfield code="c">BB</subfield>
  </datafield>
  <datafield tag="999" ind1=" " ind2=" ">
    <subfield code="c">13858</subfield>
    <subfield code="d">13858</subfield>
  </datafield>
  <datafield tag="952" ind1=" " ind2=" ">
    <subfield code="0">0</subfield>
    <subfield code="1">0</subfield>
    <subfield code="2">ddc</subfield>
    <subfield code="4">0</subfield>
    <subfield code="7">0</subfield>
    <subfield code="8">dar elkotob</subfield>
    <subfield code="a">MAIN</subfield>
    <subfield code="b">MAIN</subfield>
    <subfield code="c">2ND</subfield>
    <subfield code="d">2010-04-08</subfield>
    <subfield code="e">Purchase</subfield>
    <subfield code="g">48.50</subfield>
    <subfield code="h">0822</subfield>
    <subfield code="o">962.03 &#x623; &#x648; &#x627;</subfield>
    <subfield code="p">000020564</subfield>
    <subfield code="r">2025-07-15 00:00:00</subfield>
    <subfield code="y">BB</subfield>
    <subfield code="z">&#x645;&#x62C; 2</subfield>
  </datafield>
  <datafield tag="952" ind1=" " ind2=" ">
    <subfield code="0">0</subfield>
    <subfield code="1">0</subfield>
    <subfield code="2">ddc</subfield>
    <subfield code="4">0</subfield>
    <subfield code="7">0</subfield>
    <subfield code="8">dar elkotob</subfield>
    <subfield code="a">MAIN</subfield>
    <subfield code="b">MAIN</subfield>
    <subfield code="c">2ND</subfield>
    <subfield code="d">2010-04-08</subfield>
    <subfield code="e">Purchase</subfield>
    <subfield code="g">48.50</subfield>
    <subfield code="h">0822</subfield>
    <subfield code="o">962.03 &#x623; &#x648; &#x627;</subfield>
    <subfield code="p">000020565</subfield>
    <subfield code="r">2025-07-15 00:00:00</subfield>
    <subfield code="y">BB</subfield>
    <subfield code="z">&#x645;&#x62C; 1</subfield>
  </datafield>
</record>
